000 00460nam a2200157Ia 4500
008 230312s9999||||xx |||||||||||||| ||und||
020 _a0-470-47208-8
082 _a621.31
_bMOM-E
100 _aMomoh;James
245 0 _aEconomic Market Design and Planning for Electric Power Systems
260 _bWiley
_aIndia
_c2010
300 _a292
546 _aEng.
650 _aEngineering
_vEconomic Market Design and Planning for Electric Power Systems
942 _cBK
999 _c7353
_d7353